书目信息 |
| 题名: |
共享繁荣:世界经济的现状和未来
|
|
| 作者: | 张宇燕 , 马杰 著 | |
| 分册: | ||
| 出版信息: | 上海 上海远东出版社 1998.01 |
|
| 页数: | 199页 | |
| 开本: | 32开 | |
| 丛书名: | ||
| 单 册: | ||
| 中图分类: | F113.4 | |
| 科图分类: | ||
| 主题词: | 经济--世界 , 国际经济关系 | |
| 电子资源: | ||
| ISBN: | 7-80613-687-8 | |
| 000 | 00664nam0 2200217 45 | |
| 001 | 0012041767 | |
| 005 | 20001204172531.0 | |
| 010 | @a7-80613-687-8@d14.00元 | |
| 100 | @a20001204d1998 km y0chiy0120 ea | |
| 101 | 0 | @achi |
| 105 | @a z 000yy@AGong Xiang Fan Rong:Shi Jie Jing Ji De Xian Zhuang He Wei Lai | |
| 200 | 1 | @a共享繁荣:世界经济的现状和未来@f张宇燕,马杰著@FZhang Yu Yan,Ma Jie Zhu |
| 210 | @a上海@c上海远东出版社@d1998.01 | |
| 215 | @a199页@d32开 | |
| 606 | 0 | @a经济@x世界 |
| 606 | 0 | @a国际经济关系 |
| 690 | @aF113.4@v3 | |
| 701 | 0 | @a张宇燕@4著 |
| 701 | 0 | @a马杰@4著 |
| 801 | @aCN@bPftUser@c20001204 | |
| 905 | @b513259-262@dF113.4@eZH929@f4 | |
| 共享繁荣:世界经济的现状和未来/张宇燕,马杰著.-上海:上海远东出版社,1998.01 |
| 199页;32开 |
| ISBN 7-80613-687-8:14.00元 |
| ● |
| 相关链接 |
|
|
|
正题名:共享繁荣:世界经济的现状和未来
索取号:F113.4/ZH929
 
预约/预借
| 序号 | 登录号 | 条形码 | 馆藏地/架位号 | 状态 | 备注 |
| 1 | 513259 | 205132596 | 社科二线422/409社科库 66排4列5层/ [索取号:F113.4/ZH929] | 在馆 | |
| 2 | 513260 | 205132603 | 社科库409/400B社科库 2排1列4层/ [索取号:F113.4/ZH929] | 在馆 | |
| 3 | 513261 | 205132612 | 社科库409/409社科库 66排4列5层/ [索取号:F113.4/ZH929] | 在馆 | |
| 4 | 513262 | 205132621 | 社科库409/422社科库 38排4列2层/ [索取号:F113.4/ZH929] | 在馆 |